00525nam a2200181 a 4500001001300000003000900013005001700022008004100039020002400080082001800104100002000122245006900142260005000211300000900261500003500270650001800305700002000323nice12345678IN_TiNIC20260116014030.0100111s2009 cama grp 000 0 eng  a9780521695459c160000a341.7588bDEL aDelanty, Gerard aCosmapolotan Imaginationb The Renewal of Critical Social Theort aCambridge bCambridge University Press c2009 a296p aincludes index and biblioraphy aGlobalization1 aDelanty, Gerard